[Event "Lindores Abbey Tal Blitz 2021"]
[Site "Riga"]
[Date "2021.11.08"]
[Round "8.59"]
[White "Vantika Agrawal"]
[Black "Eizaguerri Floris, Maria"]
[Result "1-0"]
[WhiteElo "2329"]
[BlackElo "2328"]
[Annotator "NA"]
[PlyCount "89"]
[EventDate "2021.11.02"]
[EventType "swiss"]
[EventCountry "LAT"]
[SourceTitle "playchess.com"]
[Source "ChessBase"]
[SourceQuality "1"]

1. Nf3 d5 2. g3 c6 3. Bg2 Bg4 4. c4 e6 5. cxd5 exd5 6. O-O Nf6 7. Qb3 Qc8 8. d3
Be7 9. Nc3 O-O 10. e4 dxe4 11. dxe4 Nbd7 12. e5 Ne8 13. Bf4 Nc5 14. Qd1 Nc7 15.
Qe2 N7e6 16. Be3 Nd7 17. h3 Bxf3 18. Qxf3 Nxe5 19. Qe4 Nd7 20. h4 Nf6 21. Qf5
Nc7 22. Qc2 Qg4 23. Ne4 Ncd5 24. Bd4 Rfd8 25. Rad1 h6 26. a3 Nxe4 27. Bxe4 Bxh4
28. Bh7+ Kh8 29. Bf5 Qg5 30. Kh2 Ne7 31. Bh3 Ng6 32. Bc3 Ne5 33. Qe4 Ng6 34.
gxh4 Qxh4 35. Rxd8+ Rxd8 36. Qxh4 Nxh4 37. Kg3 Ng6 38. Re1 h5 39. Bf5 Kh7 40.
Rh1 h4+ 41. Rxh4+ Kg8 42. Rg4 Rd6 43. Re4 Kf8 44. Bb4 c5 45. Bxc5 1-0

[Event "Lindores Abbey Tal Blitz 2021"]
[Site "Riga"]
[Date "2021.11.08"]
[Round "8.60"]
[White "Atalik, Ekaterina"]
[Black "Martynov, Aleksandr"]
[Result "1/2-1/2"]
[WhiteElo "2430"]
[BlackElo "1648"]
[Annotator "ChessBase"]
[PlyCount "150"]
[EventDate "2021.11.02"]
[EventType "swiss"]
[EventCountry "LAT"]
[SourceTitle "playchess.com"]
[Source "ChessBase"]
[SourceQuality "1"]

1. Nf3 Nf6 2. g3 b6 3. Bg2 Bb7 4. O-O e6 5. c4 Be7 6. b3 O-O 7. Bb2 c5 8. d3
Nc6 9. Nc3 d5 10. cxd5 Nxd5 11. Nxd5 Qxd5 12. Qc2 Rfd8 13. Qc4 Qxc4 14. bxc4
Bf6 15. Bxf6 gxf6 16. a4 Na5 17. Nd2 Bxg2 18. Kxg2 Kf8 19. Rfb1 Ke7 20. Nb3 Nc6
21. a5 Nb4 22. Nd2 Rab8 23. Kf1 f5 24. axb6 axb6 25. Ra7+ Rd7 26. Rba1 Nc6 27.
Rxd7+ Kxd7 28. Nb1 b5 29. cxb5 Rxb5 30. Nd2 Ra5 31. Rc1 Rb5 32. Nc4 f6 33. Ra1
Rb8 34. f4 h5 35. Kf2 e5 36. Rc1 Rb5 37. Ra1 Rb8 38. Ne3 Ke6 39. Ra6 Rc8 40.
Nc4 Rc7 41. Ke3 Kf7 42. fxe5 Nxe5 43. Nxe5+ fxe5 44. Rh6 Kg7 45. Rxh5 Kg6 46.
Rh8 c4 47. dxc4 Rxc4 48. Re8 Kf6 49. Ra8 Rc3+ 50. Kf2 Rc2 51. h4 Kg6 52. Rg8+
Kf6 53. g4 fxg4 54. Rxg4 Kf5 55. Rg1 Rc7 56. h5 Rh7 57. Rh1 Kg4 58. Ke3 Kf5 59.
h6 e4 60. Rh2 Ke5 61. Rh5+ Kf6 62. Kxe4 Kg6 63. Rh1 Re7+ 64. Kf3 Rf7+ 65. Kg2
Re7 66. Kf2 Rf7+ 67. Ke1 Ra7 68. Rh2 Kh7 69. e3 Ra1+ 70. Kf2 Ra2+ 71. Kg3 Rxh2
72. Kxh2 Kxh6 73. Kg2 Kg6 74. Kf2 Kf6 75. Ke2 Ke6 1/2-1/2

[Event "Lindores Abbey Tal Blitz 2021"]
[Site "Riga"]
[Date "2021.11.08"]
[Round "9.2"]
[White "Caruana, Fabiano"]
[Black "Svidler, Peter"]
[Result "1/2-1/2"]
[WhiteElo "2791"]
[BlackElo "2694"]
[Annotator "TA"]
[PlyCount "97"]
[EventDate "2021.11.02"]
[EventType "swiss"]
[EventCountry "LAT"]
[SourceTitle "playchess.com"]
[Source "ChessBase"]
[SourceQuality "1"]

1. e4 c5 2. Nf3 d6 3. d4 cxd4 4. Nxd4 Nf6 5. Nc3 a6 6. Bg5 e6 7. f4 Qc7 8. Bxf6
gxf6 9. Qd2 Nc6 10. O-O-O Bd7 11. Kb1 O-O-O 12. Be2 h5 13. Nb3 Kb8 14. Rhf1 Be7
15. Rf3 Rdg8 16. Bf1 Na5 17. Qf2 Nxb3 18. axb3 Rc8 19. f5 Qc5 20. Qe1 Qe5 21.
g3 h4 22. gxh4 Qxh2 23. Rh3 Qe5 24. Bd3 Bc6 25. Qf2 Qc5 26. Qxc5 dxc5 27. fxe6
fxe6 28. Bc4 Rcd8 29. Rxd8+ Bxd8 30. Bxe6 f5 31. exf5 Rxh4 32. Rxh4 Bxh4 33.
Bd5 Bd7 34. Be4 Bd8 35. Kc1 Kc7 36. f6 Be8 37. Kd2 b5 38. Ke3 Kd6 39. Bb7 Bxf6
40. Ne4+ Ke7 41. c3 a5 42. Nxc5 Bg5+ 43. Kd3 Bc1 44. Kc2 Be3 45. b4 axb4 46.
cxb4 Kd6 47. Ne4+ Kc7 48. Bd5 Bg6 49. Kb3 1/2-1/2

[Event "Lindores Abbey Tal Blitz 2021"]
[Site "Riga"]
[Date "2021.11.08"]
[Round "9.3"]
[White "Xiong, Jeffery"]
[Black "Grandelius, Nils"]
[Result "1-0"]
[WhiteElo "2687"]
[BlackElo "2669"]
[Annotator "ChessBase"]
[PlyCount "60"]
[EventDate "2021.11.02"]
[EventType "swiss"]
[EventCountry "LAT"]
[SourceTitle "playchess.com"]
[Source "ChessBase"]
[SourceQuality "1"]

1. Nf3 d5 2. d4 e6 3. Bf4 Bd6 4. e3 Bxf4 5. exf4 Ne7 6. Bd3 b6 7. Qe2 a5 8. h4
c5 9. Bb5+ Bd7 10. Nc3 Nbc6 11. Bxc6 Nxc6 12. dxc5 O-O 13. h5 bxc5 14. h6 g6
15. Na4 Qf6 16. Nxc5 Qxb2 17. O-O Bc8 18. Qe3 Qf6 19. Rab1 Ne7 20. g4 d4 21.
Ne4 dxe3 22. Nxf6+ Kh8 23. fxe3 Nd5 24. Nxd5 exd5 25. g5 Bf5 26. Nd4 Be4 27.
Rb7 Rac8 28. Rfb1 Kg8 29. Ra7 Rc3 30. Kf2 Bxc2 1-0

[Event "Lindores Abbey Tal Blitz 2021"]
[Site "Riga"]
[Date "2021.11.08"]
[Round "9.5"]
[White "Mamedov, Rauf"]
[Black "Deac, Bogdan-Daniel"]
[Result "1-0"]
[WhiteElo "2673"]
[BlackElo "2651"]
[Annotator "ChessBase"]
[PlyCount "113"]
[EventDate "2021.11.02"]
[EventType "swiss"]
[EventCountry "LAT"]
[SourceTitle "playchess.com"]
[Source "ChessBase"]
[SourceQuality "1"]

1. Nf3 d5 2. g3 g6 3. Bg2 Bg7 4. O-O e5 5. d3 Nc6 6. e4 Nge7 7. exd5 Nxd5 8.
Nbd2 O-O 9. a3 a5 10. Re1 Re8 11. Ne4 h6 12. c4 Nf6 13. Nxf6+ Qxf6 14. Nd2 Nd4
15. Ne4 Qb6 16. Rb1 a4 17. Be3 Bf5 18. Nc3 Bd7 19. Nd5 Qc5 20. Qd2 Kh7 21. Qb4
Qxb4 22. axb4 Ne6 23. b5 a3 24. bxa3 Rxa3 25. Rbd1 Rd8 26. h4 c6 27. bxc6 bxc6
28. Nb4 c5 29. Nd5 Rb8 30. h5 gxh5 31. Ra1 Rxa1 32. Rxa1 Kg8 33. Ra7 Be8 34.
Bh3 Nd4 35. Bxd4 exd4 36. Bf5 Be5 37. Be4 Kf8 38. Kg2 h4 39. gxh4 Rd8 40. f4
Bd6 41. Kf3 Bd7 42. Nf6 Bc8 43. Bd5 Be7 44. Ke4 Bh3 45. f5 Bg2+ 46. Kf4 Bxd5
47. Nxd5 Bxh4 48. f6 Bg5+ 49. Kf5 Bd2 50. Ra2 Bc1 51. Ne7 Rb8 52. Ra5 h5 53.
Ra2 Rd8 54. Rh2 Rd6 55. Rxh5 Ke8 56. Rh8+ Kd7 57. Rf8 1-0

[Event "Lindores Abbey Tal Blitz 2021"]
[Site "Riga"]
[Date "2021.11.08"]
[Round "9.6"]
[White "Howell, David W L"]
[Black "Onyshchuk, Volodymyr"]
[Result "0-1"]
[WhiteElo "2648"]
[BlackElo "2622"]
[Annotator "ChessBase"]
[PlyCount "68"]
[EventDate "2021.11.02"]
[EventType "swiss"]
[EventCountry "LAT"]
[SourceTitle "playchess.com"]
[Source "ChessBase"]
[SourceQuality "1"]

1. b3 e5 2. Bb2 Nc6 3. e3 g6 4. c4 Bg7 5. Nc3 Nge7 6. Nge2 O-O 7. a3 f5 8. d3
f4 9. e4 d6 10. f3 Nd4 11. Nxd4 exd4 12. Nd5 Nxd5 13. cxd5 Qh4+ 14. Kd2 c6 15.
Qe1 Qd8 16. dxc6 bxc6 17. Ke2 Be6 18. b4 a5 19. Kf2 axb4 20. axb4 Qb6 21. Be2
Rxa1 22. Bxa1 Ra8 23. Qb1 Ra2 24. Rc1 Be5 25. Rc2 Ra4 26. Qc1 Bd7 27. Bd1 Rxb4
28. Ra2 Be6 29. Rb2 Rxb2+ 30. Bxb2 c5 31. Ba4 c4 32. dxc4 d3+ 33. c5 Qxb2+ 34.
Qxb2 Bxb2 0-1

[Event "Lindores Abbey Tal Blitz 2021"]
[Site "Riga"]
[Date "2021.11.08"]
[Round "9.7"]
[White "Bartel, Mateusz"]
[Black "Dubov, Daniil"]
[Result "0-1"]
[WhiteElo "2619"]
[BlackElo "2714"]
[Annotator "ChessBase"]
[PlyCount "57"]
[EventDate "2021.11.02"]
[EventType "swiss"]
[EventCountry "LAT"]
[SourceTitle "playchess.com"]
[Source "ChessBase"]
[SourceQuality "1"]

1. e4 c5 2. Nc3 d6 3. Nf3 Nf6 4. e5 dxe5 5. Nxe5 a6 6. g3 Qd6 7. Nc4 Qc6 8. f3
b5 9. Ne3 Bb7 10. Bg2 e6 11. d3 Nbd7 12. Qe2 Be7 13. b3 O-O 14. Bb2 Qc7 15. O-O
Rfe8 16. Ne4 Bc6 17. Ng4 Nd5 18. c4 N5b6 19. Qe3 e5 20. f4 f5 21. fxe5 fxg4 22.
e6 Nf8 23. Rf7 Nxe6 24. Raf1 Rf8 25. Ng5 Bxg5 26. Qxe6 Rxf7 27. Bxc6 Raf8 28.
Rf5 Qe7 29. Rxf7 0-1

[Event "Lindores Abbey Tal Blitz 2021"]
[Site "Riga"]
[Date "2021.11.08"]
[Round "9.8"]
[White "Vachier-Lagrave, Maxime"]
[Black "Dreev, Aleksey"]
[Result "0-1"]
[WhiteElo "2766"]
[BlackElo "2635"]
[Annotator "ChessBase"]
[PlyCount "98"]
[EventDate "2021.11.02"]
[EventType "swiss"]
[EventCountry "LAT"]
[SourceTitle "playchess.com"]
[Source "ChessBase"]
[SourceQuality "1"]

1. e4 c6 2. Nf3 d5 3. d3 dxe4 4. dxe4 Qxd1+ 5. Kxd1 Nd7 6. a4 Ngf6 7. Nfd2 g5
8. Nc3 h5 9. Nc4 Bh6 10. h4 g4 11. Bg5 Nc5 12. f3 Be6 13. Ne3 Bg7 14. Be2 a5
15. Ke1 O-O-O 16. Nc4 Bxc4 17. Bxc4 Ne6 18. Bxe6+ fxe6 19. Ke2 Rd4 20. Rad1 Rc4
21. Rd3 Rd8 22. Rhd1 Rxd3 23. Kxd3 Rb4 24. b3 gxf3 25. gxf3 Nd7 26. Bxe7 Rd4+
27. Ke2 Rxd1 28. Nxd1 b5 29. Bg5 Kb7 30. Bd2 bxa4 31. bxa4 Ka6 32. Bc3 Bf8 33.
Bd4 Be7 34. Bf2 Bf6 35. f4 Nb6 36. Bxb6 Kxb6 37. Nf2 Kc5 38. Nd3+ Kc4 39. Kf3
Bxh4 40. Ne5+ Kb4 41. Nxc6+ Kxa4 42. c4 Be1 43. f5 exf5 44. exf5 Bc3 45. Kf4
Bf6 46. Kg3 Bg5 47. c5 Bf6 48. Nb8 Kb5 49. c6 Be5+ 0-1

[Event "Lindores Abbey Tal Blitz 2021"]
[Site "Riga"]
[Date "2021.11.08"]
[Round "9.9"]
[White "Adhiban, B.."]
[Black "Navara, David"]
[Result "0-1"]
[WhiteElo "2672"]
[BlackElo "2699"]
[Annotator "ChessBase"]
[PlyCount "82"]
[EventDate "2021.11.02"]
[EventType "swiss"]
[EventCountry "LAT"]
[SourceTitle "playchess.com"]
[Source "ChessBase"]
[SourceQuality "1"]

1. e4 c5 2. Nf3 d6 3. d4 cxd4 4. Nxd4 Nf6 5. Nc3 a6 6. Bc4 e6 7. Be3 b5 8. Bb3
Bb7 9. Bxe6 fxe6 10. Nxe6 Qd7 11. Nd5 Kf7 12. Ng5+ Kg8 13. Nb6 Qe8 14. Nxa8
Bxa8 15. Qd3 h6 16. Qb3+ d5 17. Nf3 Qxe4 18. O-O-O Qc4 19. Rhe1 Qxb3 20. axb3
Nc6 21. Nd4 Kf7 22. f3 Bd6 23. Nf5 Bc7 24. Bc5 Rd8 25. Ne7 Bxh2 26. Nxc6 Bxc6
27. Re7+ Kg6 28. Re6 Bf4+ 29. Kb1 Rc8 30. b4 a5 31. Rde1 axb4 32. Bxb4 Bd7 33.
Rb6 Bf5 34. Re2 d4 35. g4 Bd7 36. Bd6 Be3 37. Be5 Bc6 38. f4 Bf3 39. Re1 Be4
40. Re2 Rxc2 41. Rxc2 Bxc2+ 0-1

[Event "Lindores Abbey Tal Blitz 2021"]
[Site "Riga"]
[Date "2021.11.08"]
[Round "9.10"]
[White "Pichot, Alan"]
[Black "Korobov, Anton"]
[Result "0-1"]
[WhiteElo "2630"]
[BlackElo "2684"]
[Annotator "ChessBase"]
[PlyCount "112"]
[EventDate "2021.11.02"]
[EventType "swiss"]
[EventCountry "LAT"]
[SourceTitle "playchess.com"]
[Source "ChessBase"]
[SourceQuality "1"]

1. e4 c5 2. Nf3 d6 3. d4 cxd4 4. Nxd4 Nf6 5. Nc3 a6 6. Bg5 e6 7. f4 Qc7 8. Bxf6
gxf6 9. Qf3 Nc6 10. O-O-O Bd7 11. f5 Nxd4 12. Rxd4 Qc5 13. Rd1 Be7 14. fxe6
fxe6 15. Bd3 O-O-O 16. Ne2 Rdg8 17. Nf4 h5 18. Kb1 h4 19. Qe2 Qe5 20. Rhf1 Kb8
21. Bc4 Rg5 22. Rf3 Rhg8 23. a3 Rg4 24. Qd2 Qxe4 25. Bxe6 Bxe6 26. Re1 Rxg2 27.
Rxe4 Rxd2 28. Rxe6 Bd8 29. h3 Bb6 30. Rb3 Ka7 31. Rxf6 Rg1+ 32. Ka2 Rf1 33. Nd5
Rxf6 34. Nxf6 Rxc2 35. Ne4 d5 36. Nd6 Bc7 37. Nxb7 d4 38. Kb1 Rc6 39. a4 d3 40.
Rxd3 Kxb7 41. Rd4 Bg3 42. Ka2 a5 43. Kb3 Rb6+ 44. Kc2 Rb4 45. Rxb4+ axb4 46.
Kb3 Be1 47. Kc4 Kc6 48. a5 Kb7 49. Kb5 Bc3 50. b3 Be1 51. a6+ Kc7 52. Kc5 Kd7
53. a7 Bf2+ 54. Kxb4 Bxa7 55. Kc3 Kd6 56. Kd3 Ke5 0-1

[Event "Lindores Abbey Tal Blitz 2021"]
[Site "Riga"]
[Date "2021.11.08"]
[Round "9.11"]
[White "Bluebaum, Matthias"]
[Black "Niemann, Hans Moke"]
[Result "1-0"]
[WhiteElo "2647"]
[BlackElo "2635"]
[Annotator "ChessBase"]
[PlyCount "83"]
[EventDate "2021.11.02"]
[EventType "swiss"]
[EventCountry "LAT"]
[SourceTitle "playchess.com"]
[Source "ChessBase"]
[SourceQuality "1"]

1. d4 Nf6 2. c4 g6 3. Nc3 Bg7 4. e4 d6 5. Nf3 O-O 6. Be2 Nc6 7. Be3 e5 8. d5
Ne7 9. Nd2 h5 10. f3 Nd7 11. b4 f5 12. c5 f4 13. Bf2 g5 14. Nc4 Rf6 15. cxd6
cxd6 16. Nb5 Nb6 17. Nxa7 Nxc4 18. Bxc4 Bd7 19. a4 g4 20. a5 h4 21. Nb5 Rc8 22.
Bd3 h3 23. gxh3 gxf3 24. Qxf3 Rh6 25. h4 Ng6 26. h5 Nh4 27. Qe2 f3 28. Qd2 Rxh5
29. Nxd6 Bh6 30. Qb2 Ng2+ 31. Kd1 Ba4+ 32. Rxa4 Rc1+ 33. Qxc1 Bxc1 34. Kxc1
Qxd6 35. b5 Qh6+ 36. Kc2 Rxh2 37. Rxh2 Qxh2 38. a6 Ne3+ 39. Kb3 bxa6 40. bxa6
Qh6 41. a7 Qb6+ 42. Ka2 1-0

[Event "Lindores Abbey Tal Blitz 2021"]
[Site "Riga"]
[Date "2021.11.08"]
[Round "9.12"]
[White "Aronian, Levon"]
[Black "Movsesian, Sergei"]
[Result "1-0"]
[WhiteElo "2782"]
[BlackElo "2618"]
[Annotator "TA"]
[PlyCount "63"]
[EventDate "2021.11.02"]
[EventType "swiss"]
[EventCountry "LAT"]
[SourceTitle "playchess.com"]
[Source "ChessBase"]
[SourceQuality "1"]

1. d4 Nf6 2. Bf4 e6 3. e3 c5 4. Nf3 d5 5. Nbd2 Bd6 6. dxc5 Bxc5 7. c4 Nc6 8. a3
a6 9. Rc1 Ba7 10. Be2 O-O 11. O-O Qe7 12. cxd5 Nxd5 13. Bg5 f6 14. Bh4 Rd8 15.
Qb3 Na5 16. Qa4 b5 17. Qc2 Bb7 18. Bd3 g5 19. Bg3 Rac8 20. Qb1 Rxc1 21. Rxc1 e5
22. b4 Nc6 23. Bf5 Kh8 24. Qb3 h5 25. h3 h4 26. Bh2 Qe8 27. Ne4 Nce7 28. Nxf6
Nxf6 29. Bxe5 Neg8 30. Nxg5 Bd5 31. Qb2 Qf8 32. Rc7 1-0

[Event "Lindores Abbey Tal Blitz 2021"]
[Site "Riga"]
[Date "2021.11.08"]
[Round "9.14"]
[White "Anton Guijarro, David"]
[Black "Sarana, Alexey"]
[Result "0-1"]
[WhiteElo "2669"]
[BlackElo "2656"]
[Annotator "ChessBase"]
[PlyCount "120"]
[EventDate "2021.11.02"]
[EventType "swiss"]
[EventCountry "LAT"]
[SourceTitle "playchess.com"]
[Source "ChessBase"]
[SourceQuality "1"]

1. Nf3 Nf6 2. b3 c5 3. Bb2 b6 4. c4 Bb7 5. g3 d6 6. Bg2 e5 7. O-O Be7 8. d3 O-O
9. Nc3 Nc6 10. e3 Re8 11. a3 Bf8 12. Nd2 Qd7 13. Nd5 Nxd5 14. cxd5 Ne7 15. e4
g6 16. f4 exf4 17. gxf4 Bg7 18. Bxg7 Kxg7 19. f5 Ng8 20. Qf3 Qe7 21. Nc4 Ba6
22. e5 dxe5 23. d6 Qd7 24. Bh3 Qb7 25. f6+ Kh8 26. Qg3 Bxc4 27. dxc4 Rad8 28.
Rad1 e4 29. d7 Rf8 30. Qf4 b5 31. Rd5 bxc4 32. bxc4 Qb3 33. Bg2 Qxc4 34. Qxe4
Qc3 35. Rd3 Qb2 36. Rf2 Qb1+ 37. Rf1 Qb6 38. Qc6 Qb2 39. Rd6 Qxa3 40. Qd5 c4
41. Rc6 c3 42. Bh3 c2 43. Bg2 Qe3+ 44. Kh1 Nxf6 45. Qd6 Nxd7 46. Rxc2 Ne5 47.
Qf6+ Kg8 48. Rcc1 Nd3 49. Ra1 h5 50. Rf3 Qe5 51. Rxa7 Qxf6 52. Rxf6 Ne5 53. Rf1
Rfe8 54. Be4 Rd7 55. Ra6 Kg7 56. Rg1 Ree7 57. h3 Rd4 58. Bb1 Nf3 59. Rf1 Rd2
60. Ra3 Rh2# 0-1

[Event "Lindores Abbey Tal Blitz 2021"]
[Site "Riga"]
[Date "2021.11.08"]
[Round "9.15"]
[White "Maghsoodloo, Parham"]
[Black "Zvjaginsev, Vadim"]
[Result "1-0"]
[WhiteElo "2706"]
[BlackElo "2609"]
[Annotator "ChessBase"]
[PlyCount "125"]
[EventDate "2021.11.02"]
[EventType "swiss"]
[EventCountry "LAT"]
[SourceTitle "playchess.com"]
[Source "ChessBase"]
[SourceQuality "1"]

1. d4 Nf6 2. c4 d6 3. g3 g6 4. Bg2 Bg7 5. Nf3 Bf5 6. b3 O-O 7. Bb2 Re8 8. O-O
Qc8 9. Re1 a5 10. d5 e5 11. dxe6 Bxe6 12. Nc3 Bh3 13. Qd2 Bxg2 14. Kxg2 Nbd7
15. Rad1 Nc5 16. Qc2 a4 17. b4 a3 18. Bc1 Nce4 19. Nxe4 Nxe4 20. Rd3 Qf5 21.
Qb3 g5 22. Be3 g4 23. Nh4 Qe6 24. Bd4 Bh6 25. Be3 Bg7 26. f3 Nf6 27. Bf2 c6 28.
Re3 Qd7 29. Qd3 d5 30. c5 Rxe3 31. Qxe3 Re8 32. Qg5 h6 33. Qf5 Qe6 34. Kf1 Nd7
35. fxg4 Bc3 36. Qxe6 fxe6 37. Rb1 Bb2 38. Rd1 Ne5 39. Nf3 Nc4 40. Nd2 Nxd2+
41. Rxd2 Bc3 42. Rd3 Bb2 43. Rb3 e5 44. b5 e4 45. bxc6 bxc6 46. Rb6 Re6 47. e3
Bg7 48. Be1 Bf8 49. Bb4 Rg6 50. Ke2 Kf7 51. Bxa3 Ke8 52. Bb4 Kd7 53. a4 Be7 54.
a5 Rg8 55. Rb7+ Ke6 56. a6 Ra8 57. a7 d4 58. exd4 Bf6 59. Ke3 Kd5 60. Rd7+ Kc4
61. Ba5 Bg5+ 62. Kxe4 Re8+ 63. Kf5 1-0

[Event "Lindores Abbey Tal Blitz 2021"]
[Site "Riga"]
[Date "2021.11.08"]
[Round "9.16"]
[White "Sevian, Samuel"]
[Black "Van Foreest, Jorden"]
[Result "1-0"]
[WhiteElo "2668"]
[BlackElo "2701"]
[Annotator "ChessBase"]
[PlyCount "73"]
[EventDate "2021.11.02"]
[EventType "swiss"]
[EventCountry "LAT"]
[SourceTitle "playchess.com"]
[Source "ChessBase"]
[SourceQuality "1"]

1. e4 e5 2. Nf3 Nc6 3. Bc4 Bc5 4. d3 d6 5. c3 a6 6. a4 h6 7. Nbd2 Nge7 8. Nf1
O-O 9. Be3 Kh8 10. Bxc5 dxc5 11. Ne3 Qd6 12. g4 Ng6 13. Nf5 Bxf5 14. gxf5 Nf4
15. Rg1 Rad8 16. Rg3 Na5 17. Qc2 Nxc4 18. dxc4 f6 19. Nh4 Qc6 20. Ng6+ Nxg6 21.
Rxg6 Rf7 22. Rd1 Rfd7 23. Rd5 Rd6 24. Rg3 Qe8 25. Qd1 b5 26. Qg4 Qe7 27. Rxd6
Rxd6 28. axb5 axb5 29. cxb5 Qd7 30. c4 Rd4 31. Ra3 Qd8 32. b3 Rd3 33. Kf1 Qe8
34. Kg2 h5 35. Qg6 Qd8 36. Ra6 Rxb3 37. Re6 1-0

[Event "Lindores Abbey Tal Blitz 2021"]
[Site "Riga"]
[Date "2021.11.08"]
[Round "9.17"]
[White "Nihal Sarin"]
[Black "Predke, Alexandr"]
[Result "0-1"]
[WhiteElo "2650"]
[BlackElo "2668"]
[Annotator "ChessBase"]
[PlyCount "128"]
[EventDate "2021.11.02"]
[EventType "swiss"]
[EventCountry "LAT"]
[SourceTitle "playchess.com"]
[Source "ChessBase"]
[SourceQuality "1"]

1. Nf3 d5 2. e3 Nf6 3. c4 e6 4. b3 Bd6 5. Bb2 O-O 6. Nc3 b6 7. Rc1 a6 8. cxd5
exd5 9. g3 Bb7 10. d4 Ne4 11. Bg2 Nxc3 12. Bxc3 Nd7 13. O-O Re8 14. Bb2 a5 15.
a4 Qe7 16. Rc2 Rac8 17. Qa1 c6 18. Rfc1 Rc7 19. Ne5 Nxe5 20. dxe5 Bxe5 21. Bd4
c5 22. Bb2 Rd7 23. Rd1 Bxb2 24. Qxb2 Qe5 25. Qxe5 Rxe5 26. Rcd2 Kf8 27. Rd3 f5
28. f4 Re6 29. Kf2 Red6 30. h3 Kf7 31. g4 g6 32. Bf3 Bc6 33. R3d2 Ke6 34. gxf5+
gxf5 35. Kg3 d4 36. Bxc6 Rxc6 37. Kh4 Rcd6 38. exd4 Rxd4 39. Re1+ Kf6 40. Rf2
Re4 41. Ref1 Rd3 42. Rg1 Ree3 43. Rh1 Rxb3 44. Rd2 Rbd3 45. Rb2 Rb3 46. Rd2
Red3 47. Re2 Rf3 48. Rd2 Rxf4+ 49. Kh5 Rd4 50. Re2 Rxa4 51. h4 Rbb4 52. Reh2
Re4 53. Kh6 Re7 54. h5 Rd4 55. Rf1 a4 56. Rb2 Rd6 57. Rbf2 Ke5+ 58. Kg5 Rg7+
59. Kh4 Rg4+ 60. Kh3 Rg5 61. Kh4 h6 62. Re2+ Kf6 63. Rfe1 Rd4+ 64. Kh3 Rxh5+
0-1

[Event "Lindores Abbey Tal Blitz 2021"]
[Site "Riga"]
[Date "2021.11.08"]
[Round "9.18"]
[White "Durarbayli, Vasif"]
[Black "Kravtsiv, Martyn"]
[Result "1-0"]
[WhiteElo "2629"]
[BlackElo "2616"]
[Annotator "ChessBase"]
[PlyCount "151"]
[EventDate "2021.11.02"]
[EventType "swiss"]
[EventCountry "LAT"]
[SourceTitle "playchess.com"]
[Source "ChessBase"]
[SourceQuality "1"]

1. e4 e5 2. Nf3 Nc6 3. Bb5 a6 4. Ba4 Nf6 5. d3 b5 6. Bb3 Be7 7. c3 d6 8. Nbd2
O-O 9. Nf1 Na5 10. Bc2 c5 11. Ng3 Nc6 12. O-O d5 13. exd5 Qxd5 14. h3 Re8 15.
a4 Bb7 16. Re1 Bf8 17. Bg5 Qd6 18. Nd2 h6 19. Nde4 Nxe4 20. Nxe4 Qg6 21. Bd2
Rad8 22. axb5 axb5 23. Qg4 Qxg4 24. hxg4 Ra8 25. Be3 c4 26. dxc4 bxc4 27. Nd2
Rec8 28. Bf5 Rxa1 29. Rxa1 Rc7 30. Bb6 Re7 31. Nxc4 g6 32. Be4 Na5 33. Rxa5
Bxe4 34. Rxe5 Bd3 35. Rxe7 Bxe7 36. Ne3 Kf8 37. f3 Ke8 38. Kf2 Kd7 39. Bd4 Bh4+
40. g3 Be7 41. f4 Be4 42. b4 Kc6 43. Nc4 Kd5 44. Ne5 f6 45. Nd7 Ke6 46. Nb6 f5
47. gxf5+ gxf5 48. Ke3 h5 49. Na4 Kd5 50. Nb2 Bc2 51. c4+ Ke6 52. Bc3 h4 53.
gxh4 Bxh4 54. Nd3 Kd6 55. b5 Ba4 56. Bb4+ Kc7 57. Ba5+ Kd6 58. Kd4 Bf6+ 59. Ne5
Ke6 60. Be1 Bg7 61. Bg3 Bf8 62. Kc3 Bc5 63. Nd3 Be3 64. Bf2 Bxf2 65. Nxf2 Kd6
66. Kd4 Bd1 67. Nd3 Be2 68. Ne5 Kc7 69. Kc5 Bf1 70. Nf3 Bd3 71. Nd4 Kb7 72. Kb4
Kc7 73. c5 Be4 74. Ka5 Kb7 75. Ne6 Bd3 76. c6+ 1-0

[Event "Lindores Abbey Tal Blitz 2021"]
[Site "Riga"]
[Date "2021.11.08"]
[Round "9.19"]
[White "Shevchenko, Kirill"]
[Black "Gelfand, Boris"]
[Result "1-0"]
[WhiteElo "2647"]
[BlackElo "2674"]
[Annotator "ChessBase"]
[PlyCount "97"]
[EventDate "2021.11.02"]
[EventType "swiss"]
[EventCountry "LAT"]
[SourceTitle "playchess.com"]
[Source "ChessBase"]
[SourceQuality "1"]

1. e4 c5 2. Nc3 Nc6 3. Bb5 Nd4 4. Nf3 e6 5. O-O a6 6. Bd3 Nc6 7. Nd5 g6 8. b4
Bg7 9. bxc5 exd5 10. exd5 Bxa1 11. Re1+ Kf8 12. c3 Nf6 13. Ba3 Qa5 14. Qb3 Kg7
15. Rxa1 Nxd5 16. c4 Nde7 17. Bb2+ f6 18. Bxf6+ Kg8 19. Qb2 Qb4 20. Bxh8 Qxb2
21. Bxb2 Rb8 22. Re1 b5 23. cxb6 Rxb6 24. Ba3 Kf8 25. Ne5 Nb4 26. Bb1 d6 27.
Nd3 a5 28. Nxb4 axb4 29. Bb2 Ba6 30. d3 b3 31. axb3 Rxb3 32. Bf6 Nc6 33. Bc2
Rb7 34. Bc3 Kf7 35. f4 Ne7 36. Kf2 d5 37. Ra1 Rb6 38. c5 Re6 39. Be5 Ke8 40. d4
Bb7 41. g4 Ra6 42. Rxa6 Bxa6 43. f5 Kf7 44. Ke3 Bc8 45. Kf4 h5 46. fxg6+ Nxg6+
47. Bxg6+ Kxg6 48. gxh5+ Kxh5 49. Bc7 1-0

[Event "Lindores Abbey Tal Blitz 2021"]
[Site "Riga"]
[Date "2021.11.08"]
[Round "9.20"]
[White "Yilmaz, Mustafa"]
[Black "Indjic, Aleksandar"]
[Result "1-0"]
[WhiteElo "2626"]
[BlackElo "2612"]
[Annotator "ChessBase"]
[PlyCount "113"]
[EventDate "2021.11.02"]
[EventType "swiss"]
[EventCountry "LAT"]
[SourceTitle "playchess.com"]
[Source "ChessBase"]
[SourceQuality "1"]

1. d4 Nf6 2. c4 e6 3. Nf3 c5 4. d5 d6 5. Nc3 exd5 6. cxd5 g6 7. Bf4 Bg7 8. h3
O-O 9. e3 Ne8 10. Bd3 Nd7 11. O-O Ne5 12. Nxe5 dxe5 13. Bg3 Nd6 14. e4 Bd7 15.
a4 b6 16. Qe2 Qe7 17. Rab1 Rac8 18. b3 f5 19. f3 h5 20. Nb5 Bxb5 21. Bxb5 f4
22. Bf2 Bf6 23. Ba6 Rc7 24. Rfc1 Bh4 25. Bxh4 Qxh4 26. b4 c4 27. Rc3 g5 28.
Rbc1 Kg7 29. Bb5 Kf6 30. R3c2 Rg8 31. Qf2 Qxf2+ 32. Kxf2 g4 33. hxg4 hxg4 34.
Bxc4 gxf3 35. gxf3 Rh7 36. Bf1 Rh2+ 37. Ke1 Rxc2 38. Rxc2 Rc8 39. Rc6 Rd8 40.
Rc7 a5 41. bxa5 bxa5 42. Ra7 Rb8 43. Ra6 Ke7 44. Rxa5 Rb1+ 45. Kf2 Rb2+ 46. Kg1
Rb3 47. Ra7+ Kd8 48. Be2 Rb2 49. Kf1 Rb1+ 50. Kf2 Rb2 51. a5 Nc4 52. a6 Ne3 53.
Rh7 Nd1+ 54. Ke1 Nc3 55. Bd3 Ra2 56. a7 Kc8 57. d6 1-0

[Event "Lindores Abbey Tal Blitz 2021"]
[Site "Riga"]
[Date "2021.11.08"]
[Round "9.21"]
[White "Ponomariov, Ruslan"]
[Black "Kuzubov, Yuriy"]
[Result "1-0"]
[WhiteElo "2633"]
[BlackElo "2637"]
[Annotator "ChessBase"]
[PlyCount "68"]
[EventDate "2021.11.02"]
[EventType "swiss"]
[EventCountry "LAT"]
[SourceTitle "playchess.com"]
[Source "ChessBase"]
[SourceQuality "1"]

1. e4 e5 2. Nf3 Nf6 3. Nxe5 d6 4. Nf3 Nxe4 5. d4 d5 6. Bd3 Be7 7. O-O Nc6 8.
Nbd2 Nxd2 9. Bxd2 Bg4 10. c3 Qd7 11. h3 Bh5 12. Re1 Bg6 13. Bb5 f6 14. Nh4 a6
15. Nxg6 hxg6 16. Bd3 Kf7 17. Qf3 Rae8 18. b4 Bd8 19. Rxe8 Rxe8 20. h4 Rh8 21.
g3 Ne7 22. Kg2 Nf5 23. Rh1 Ne7 24. Bc2 c6 25. a4 Bc7 26. a5 Bd6 27. g4 Ke8 28.
h5 gxh5 29. gxh5 Kd8 30. Kf1 Kc7 31. Rg1 Ng8 32. Bf5 Qf7 33. Qg4 Rxh5 34. Bg6
Bf8 1-0